Principios de anatomía y fisiología

Spremljeno u:
Bibliografski detalji
Glavni autori: Tortora, Gerard Jerry (Autor), Derrickson, Bryan (Autor)
Format: Knjiga
Jezik:španjolski
Izdano: Buenos Aires Médica-Panamericana 2006
Izdanje:11a. ed
Teme:
Oznake: Dodaj oznaku
Bez oznaka, Budi prvi tko označuje ovaj zapis!

MARC

LEADER 00000cam a2200000 a 4500
001 UCI3630
003 CL-VaPUC
005 20231114123027.0
008 071123e20060000AG |||||||||||||||||spa|d
999 |c 327765  |d 327763 
020 |a 9789687988771 
040 |c Pontificia Universidad Católica de Valparaíso 
082 0 4 |a 612  |b TOR  |2 21 
100 0 |a Tortora, Gerard Jerry  |e author  |9 525052 
245 1 0 |a Principios de anatomía y fisiología 
250 |a 11a. ed 
260 |a Buenos Aires  |b Médica-Panamericana  |c 2006 
300 |a 1154 p 
583 |a last modification  |c 20120816 12:19:10  |k Rodrigo Vera 
650 0 |a Anatomía  |9 261202  |x Humana 
650 7 |a Fisiología  |2 CL-VaPUC  |9 525054  |x Humana 
650 0 |a Morfología  |9 334440  |x Humana 
700 0 |a Derrickson, Bryan  |e author  |9 525053 
942 |c BK  |2 ddc 
945 |d 20071123 00:00:00  |a rbrito 
952 |0 0  |1 0  |4 0  |6 612_000000000000000_TOR_2006  |7 0  |8 A  |9 411175  |a BIBCUR  |b BIBCUR  |d 2019-11-22  |i 4387635  |l 6  |m 3  |o 612 TOR 2006  |p 4387635  |r 2025-04-22  |s 2025-04-08  |w 2019-11-22  |y BK  |k KIN 
952 |0 0  |1 0  |4 0  |6 612_000000000000000_TOR_2006  |7 0  |8 R  |9 411176  |a BIBEDU  |b BIBEDU  |c MCIRC  |d 2019-11-22  |i 4608666  |o 612 TOR 2006  |p 4608666  |r 2023-01-13  |w 2019-11-22  |y BK_R  |k EPE 
952 |0 0  |1 0  |4 0  |6 612_000000000000000_TOR_2006  |7 0  |8 R  |9 411177  |a BIBEDU  |b BIBEDU  |c MCIRC  |d 2019-11-22  |i 4698185  |o 612 TOR 2006  |p 4698185  |r 2023-01-13  |w 2019-11-22  |y BK_R  |k EPE 
952 |0 0  |1 0  |4 0  |6 612_000000000000000_TOR_2006  |7 0  |8 R  |9 411178  |a BIBEDU  |b BIBEDU  |c MCIRC  |d 2019-11-22  |i 4698193  |o 612 TOR 2006  |p 4698193  |r 2023-01-13  |w 2019-11-22  |y BK_R  |k EPE 
952 |0 0  |1 0  |4 0  |6 612_000000000000000_TOR_2006  |7 0  |8 R  |9 411179  |a BIBEDU  |b BIBEDU  |c MCIRC  |d 2019-11-22  |i 489555K  |l 1  |o 612 TOR 2006  |p 489555K  |r 2023-01-13  |s 2022-04-19  |w 2019-11-22  |y BK_R  |k EDI 
952 |0 0  |1 0  |4 0  |6 612_000000000000000_TOR_2006  |7 0  |8 R  |9 411180  |a BIBEDU  |b BIBEDU  |c MCIRC  |d 2019-11-22  |i 4895568  |o 612 TOR 2006  |p 4895568  |r 2023-01-13  |w 2019-11-22  |y BK_R  |k EDI